000 01030nam a22002175i 4500
001 159819
003 ES-MaACL
005 20230906211820.0
008 990419s1899 sp a |||| | cat d
040 _aCCPB | B
_bspa
_cCCPB | B
100 1 _aMiret y Sans, Joaquín.
_981584
245 1 0 _aNoticia històrica del Monestir d'Alguayre de la Orde Sagrada y Militar del Hospital de Sant Joan de Jerusalem /
_cpor Joaquim Miret y Sans.
260 _aBarcelona :
_b[s.n.],
_c1899 (
_fTip. "L'Avenç")
300 _a64 p., 1 h. de lám. ;
_c21 cm.
597 _aAntep.
599 _aLa il. es una lám. lit.: "Atac del Monestir d'Alguayre per lo ... (Pintura mural en la antigua iglesia de Sant Joan de Jerusalem a Barcelona)", p. 21.
610 2 4 _aMonestir d'Alguaire-
_xHistoria.
_9151184
610 2 4 _aOrden de Malta-
_zAlguaire.
_9151185
651 4 _aAlguaire-
_xHistoria.
_9151186
852 _aES-MaACL
_jT-924-F-2
_z-- Enc. hol., conservando la enc. original
_z-- Dedicatoria manuscrita del autor
_z-- Enc. en un vol. facticio
999 _c159819
_d159819